Vybrané programovacie jazyky použiteľné v aktuárstve a história ich vývoja (1. časť, jazyky C, C++ a Java)

Gespeichert in:
Bibliographische Detailangaben
1. Verfasser: Simonka, Zsolt, 1974-
Weitere Verfasser: Strešňáková, Anna, 1976-
Format: Buchkapitel
Sprache:Slowakisch
Tags: Tag hinzufügen
Keine Tags, Fügen Sie das erste Tag hinzu!

MARC

LEADER 00000nla a2200000 4500
001 0235646
005 20240502073818.4
041 0 |a slo 
044 |a SK 
245 1 0 |a Vybrané programovacie jazyky použiteľné v aktuárstve a história ich vývoja (1. časť, jazyky C, C++ a Java)  |c Zsolt Simonka, Anna Strešňáková 
500 |a Abstrakt 
100 1 |a Simonka, Zsolt, 1974- 
700 1 |a Strešňáková, Anna, 1976-